000 00768nam a22001817a 4500
005 20260128114011.0
008 260128b |||||||| |||| 00| 0 eng d
020 _a978-9-0043-2206-6
050 _aKQC 117 .E27 2017
100 _aUGIRASHEBUJA, EMMANUEL
245 _aEAST AFRICAN COMMUNITY LAW: INSTITUTIONAL, SUBSTANTIVE AND COMPARATIVE EU ASPECTS
260 _a Leiden
_bBrill Nijhoff
_c2017
300 _aXIV,539P.
500 _aINCLUDES BIBLIOGRAPHIC REFERENCES AND INDEX
650 _a1. Comparative law International and municipal law 2. East African Community Law. 3. International unification Law. 4. East African Community Law. 5.European Union countries
700 _a1. RUHANGISA, JOHN EUDES 2. OTTERVANGER, TOM 3. CUYVERS, ARMIN
942 _2lcc
_cBK
999 _c216497
_d216497